Statistics for Actors by Title Role

Click here to take the quiz!

General Stats

  • This quiz has been taken 10,576 times
  • The average score is 11 of 20

Answer Stats

MovieYearActor% Correct
Napoleon2023Joaquin Phoenix
85%
Oppenheimer2023Cillian Murphy
83%
Lincoln2012Daniel Day-Lewis
69%
Schindler's List1993Liam Neeson
67%
Erin Brockovich2000Julia Roberts
65%
Ray2004Jamie Foxx
64%
I, Tonya2017Margot Robbie
63%
Ali2001Will Smith
58%
Milk2008Sean Penn
56%
Malcolm X1992Denzel Washington
55%
Gandhi1982Ben Kingsley
53%
Frida2002Salma Hayek
46%
The Queen2006Helen Mirren
44%
Capote2005Philip Seymour Hoffman
43%
Donnie Brasco1997Johnny Depp
40%
Chaplin1992Robert Downey Jr.
40%
Spartacus1960Kirk Douglas
38%
Lawrence of Arabia1962Peter O'Toole
37%
Patton1970George C. Scott
26%
Nixon1995Anthony Hopkins
23%

Score Distribution

Percentile by Number Answered

Percent of People with Each Score

Your Score History

You have not taken this quiz